Nommez un Pays Valide A-Z - Statistiques

Statistiques générales
  • Ce quiz a été pris 781 411 fois
  • Le résultat moyen est 19 sur 24
Statistiques - réponses
Lettre Pays % Correct
A Afghanistan | Afrique du Sud | Albanie | +11
99%
B Bahamas | Bahreïn | Bangladesh | +15
97%
F Fidji | Finlande | France
97%
C Cambodge | Cameroun | Canada | +12
96%
E Égypte | Émirats Arabes Unis | Équateur | +7
95%
D Danemark | Djibouti | Dominique
91%
I Inde | Indonésie | Iran | +7
91%
G Gabon | Gambie | Géorgie | +8
87%
M Macédoine du Nord | Madagascar | Malaisie | +13
86%
J Jamaïque | Japon | Jordanie
85%
L Laos | Lettonie | Lesotho | +6
83%
P Pakistan | Palaos | Panama | +7
81%
H Haiti | Honduras | Hongrie
78%
N Namibie | Nauru | Népal | +5
78%
R République Centrafricaine | République Démocratique du Congo | +7
76%
K Kazakhstan | Kenya | Kirghizistan | +3
75%
S Saint-Christophe-et-Niévès | Saint-Marin | +20
72%
T Taiwan | Tadjikistan | Tanzanie | +10
67%
O Oman | Ouganda | Ouzbékistan
62%
Q Qatar
59%
U Ukraine | Uruguay
58%
V Vanuatu | Vatican | Venezuela | Viêt Nam
58%
Z Zambie | Zimbabwe
55%
Y Yémen
51%
Aucun quiz correspondant
Distribution des résultats
% des personnes avec chaque résultat
Percentile par nombre de réponses
Votre historique - résultats
Vous n’avez pas pris ce quiz